000 00334nam a2200121Ia 4500
008 240731s9999 xx 000 0 und d
022 _a1369-1619
245 0 _aInternational Journal of Environmental Health Research
260 _bTaylor & Francis
856 _uhttps://www.tandfonline.com/loi/cije20
942 _2ddc
942 _cTFEJ
999 _c77094
_d77094
945 _a1
_bMadushi Gamage
_c1
_dMadushi Gamage